000 00495nam a2200169Ia 4500
999 _c27914
_d27914
003 OSt
005 20260305124457.0
008 190216s9999||||xx |||||||||||||| ||und||
040 _coclc
082 _a894.812301
_bPAD/S
100 1 _aPatmarājan, Pi.,
_d1945-1991
_96413
245 0 _aSifilisinte Nadakkavu /
_cP Padmarajan
260 _bKhani Books,
_aEdapally:
_c1998.
300 _a102p
650 _aKathakal
942 _cBK
_2ddc
_h894.812301
_iPAD/S
_k894.812301
_mPAD/S